Drapeaux de pays avec le jaune retiré - Statistiques

Statistiques générales
  • Ce quiz a été pris 23 006 fois
    22 994 depuis la dernière actualisation
  • Le résultat moyen est 12 sur 16
Statistiques - réponses
Par images Réponse % Correct
Espagne
100%
Allemagne
98%
Suède
96%
Jamaïque
94%
Ukraine
94%
Belgique
91%
Macédoine du Nord
86%
Roumanie/Tchad
80%
Sénégal
78%
Ghana
64%
Togo
56%
Palaos
54%
Bénin
52%
Lituanie
49%
Gabon
46%
Colombie
45%
Aucun quiz correspondant
Distribution des résultats
% des personnes avec chaque résultat
Percentile par nombre de réponses
Votre historique - résultats
Vous n’avez pas pris ce quiz depuis la dernière actualisation